000 00611nam a2200241Ia 4500
008 160620s9999||||xx |||||||||||||| ||und||
040 _cEnglish
082 _aXV.E/Satyananda
082 _bBORI-88595
245 _aTeachings Of Swami Satyananda Saraswati
260 _bsri G. K. Kejriwal
300 _a338
300 _bFour
300 _cB
300 _ePaperback
530 _u00088595.pdf
563 _aRef
630 _aTeachings Of Swami Satyananda Saraswati
650 _aCollected Works
650 _areference
730 _aTeachings Of Swami Satyananda Saraswati
942 _cBOOK
999 _c1392507
_d1392504